Länder mit den meisten Millionenstädten - Statistiken

Allgemein
  • Dieses Quiz wurde 116 mal gespielt
  • Das Durchschnittsergebnis liegt bei 72 aus 99
Antwortstatistiken
Antwort % Korrekt
6+ Millionenstädte 128 China
99%
4 Millionenstädte Deutschland
99%
4 Millionenstädte Ägypten
95%
6+ Millionenstädte 15 Brasilien
95%
1 Millionenstadt Frankreich
95%
6+ Millionenstädte 44 Indien
95%
6+ Millionenstädte 16 Russland
95%
6+ Millionenstädte 10 Vereinigte Staaten
95%
6+ Millionenstädte 12 Japan
94%
5 Millionenstädte Kanada
93%
2 Millionenstädte Argentinien
92%
2 Millionenstädte Italien
92%
5 Millionenstädte Kolumbien
92%
6+ Millionenstädte 10 Mexiko
92%
2 Millionenstädte Spanien
92%
eine Millionenstadt Polen
91%
6+ Millionenstädte 6 Südafrika
91%
2 Millionenstädte Vereinigtes Königreich
91%
5 Millionenstädte Australien
88%
4 Millionenstädte Marokko
88%
eine Millionenstadt Niger
88%
6+ Millionenstädte 8 Nigeria
88%
1 Millionenstadt Chile
87%
6+ Millionenstädte 14 Indonesien
87%
6+ Millionenstädte 8 Iran
87%
6+ Millionenstädte 10 Türkei
87%
1 Millionenstadt Algerien
86%
3 Millionenstädte Irak
86%
2 Millionenstädte Peru
85%
eine Millionenstadt Thailand
84%
3 Millionenstädte Venezuela
84%
6+ Millionenstädte 7 Demokratische Republik Kongo
82%
6+ Millionenstädte 10 Pakistan
82%
2 Millionenstädte Republik Kongo
82%
6+ Millionenstädte 11 Südkorea
82%
eine Millionenstadt Rumänien
81%
5 Millionenstädte Saudi-Arabien
81%
eine Millionenstadt Österreich
80%
3 Millionenstädte Ukraine
80%
eine Millionenstadt Neuseeland
77%
eine Millionenstadt Senegal
77%
eine Millionenstadt Tschechien
77%
1 Millionenstadt Nordkorea
76%
3 Millionenstädte Bangladesch
75%
3 Millionenstädte Sudan
75%
eine Millionenstadt Ungarn
75%
2 Millionenstädte Vietnam
75%
1 Millionenstadt Afghanistan
74%
1 Millionenstadt Kenia
74%
3 Millionenstädte Vereinigte Arabische Emirate
74%
1 Millionenstadt Bulgarien
73%
4 Millionenstädte Philippinen
73%
1 Millionenstadt Äthiopien
72%
2 Millionenstädte Ghana
72%
3 Millionenstädte Kasachstan
72%
2 Millionenstädte Kamerun
71%
1 Millionenstadt Kuba
71%
eine Millionenstadt Mali
71%
1 Millionenstadt Bolivien
70%
eine Millionenstadt Serbien
70%
2 Millionenstädte Syrien
70%
2 Millionenstädte Ecuador
69%
eine Millionenstadt Uruguay
68%
1 Millionenstadt Angola
67%
1 Millionenstadt Elfenbeinküste
67%
eine Millionenstadt Somalia
67%
2 Millionenstädte Tansania
66%
1 Millionenstadt Belarus
64%
3 Millionenstädte Myanmar
64%
1 Millionenstadt Jemen
63%
eine Millionenstadt Singapur
63%
eine Millionenstadt Usbekistan
63%
eine Millionenstadt Tschad
62%
eine Millionenstadt Uganda
60%
1 Millionenstadt Georgien
59%
eine Millionenstadt Madagaskar
59%
eine Millionenstadt Libyen
58%
eine Millionenstadt Mongolei
58%
eine Millionenstadt Sambia
57%
eine Millionenstadt Simbabwe
57%
6+ Millionenstädte 6 Taiwan
57%
1 Millionenstadt Aserbaidschan
56%
2 Millionenstädte Mosambik
56%
1 Millionenstadt Guinea
54%
1 Millionenstadt Kambodscha
54%
1 Millionenstadt Armenien
53%
1 Millionenstadt Honduras
52%
eine Millionenstadt Togo
52%
eine Millionenstadt Mauretanien
49%
eine Millionenstadt Ruanda
48%
1 Millionenstadt Jordanien
47%
eine Millionenstadt Nicaragua
47%
1 Millionenstadt Eritrea
46%
1 Millionenstadt Kirgisistan
46%
1 Millionenstadt Dominikanische Republik
45%
1 Millionenstadt Libanon
45%
1 Millionenstadt Liberia
42%
1 Millionenstadt Burkina Faso
38%
eine Millionenstadt Malawi
36%
Keine übereinstimmenden Quizze gefunden
Verteilung der Resultate
Anzahl Personen mit jedem Resultat
Perzentil nach korrekt beantworteten Fragen
Ihre Resultats-Entwicklung
Sie haben dieses Quiz noch nicht gespielt